El proyecto educativo institucional : práctica, acompañamiento y realidad /

Bibliographic Details
Other Authors: Portilla Portilla, Mónica Gabriela (Editor)
Format: Electronic eBook
Language:Spanish
Published: Bogotá : Editorial Aula de Humanidades, 2024.
Edition:Primera edición.
Series:Educación y pedagogía (Editorial Aula de Humanidades). Serie Historia de la educación.
Subjects:
Online Access:Digitalia Hispánica

MARC

LEADER 00000nam a2200000 i 4500
001 DIGAUHUM0025
003 NyNyDIG
007 cr |||||||||||
008 250501s2024 ck a ob 001 0 spa d
006 m o d
035 |a (OCoLC)1519503510 
040 |a DGITA  |b eng  |e rda  |e pn  |c DGITA 
020 |a 9786287700871  |q (versión digital) 
020 |z 9786287700864  |q (versión impresa) 
050 1 4 |a LC71.2 ebook 
245 1 3 |a El proyecto educativo institucional :  |b práctica, acompañamiento y realidad /  |c Mónica Gabriela Portilla Portilla (coord.). 
250 |a Primera edición. 
264 1 |a Bogotá :  |b Editorial Aula de Humanidades,  |c 2024. 
300 |a 1 online resource :  |b illustrations. 
336 |a text  |b txt  |2 rdacontent 
337 |a computer  |b c  |2 rdamedia 
338 |a online resource  |b cr  |2 rdacarrier 
347 |a text file  |2 rdaft 
347 |b PDF 
490 1 |a Colección Educación y pedagogía. Serie Historia de la educación 
504 |a Includes bibliographical references and indexes. 
588 0 |a Online resource; title from PDF title page (Digitalia, viewed May 1, 2025) 
650 0 |a Educational planning. 
650 0 |a School improvement programs. 
700 1 |a Portilla Portilla, Mónica Gabriela,  |e editor. 
791 2 |a Digitalia (Firm),  |e distributor. 
793 0 |g Digitalia eBook Collection:  |a Editorial Aula de Humanidades 
776 0 8 |i Print version:  |t Proyecto educativo institucional.  |b Primera edición.  |d Bogotá : Editorial Aula de Humanidades, [2024]  |z 9786287700864 
830 0 |a Educación y pedagogía (Editorial Aula de Humanidades).  |p Serie Historia de la educación. 
856 4 0 |3 Digitalia Hispánica  |u https://www.digitaliapublishing.com/a/170613/ 
910 |a Premium collection: 2025